| 000 | 00350 a2200133 4500 | ||
|---|---|---|---|
| 020 | _a9694962609 | ||
| 082 | _a891.4391 | ||
| 100 |
_aAnwar, Masood _91453 |
||
| 245 |
_aMaila Akhian Da/ _cAnwar, Masood |
||
| 260 |
_aLahore: _bDost Publicaitons; _c2021. |
||
| 300 |
_a111 p. _c22 cm. |
||
| 650 |
_a1. Punjabi Adab. _91454 |
||
| 942 |
_cBK _k891.4391 ANW _2ddc |
||
| 999 |
_c10979 _d10979 |
||